000 00294nam a22001337a 4500
008 170529b xxu||||| |||| 00| 0 eng d
020 _a9780471530701
041 _aeng
080 _a621.36
100 _a26
101 _aIM
245 _aSEEING THE SOLAR SYSTEM
_cSCHAAF, F
942 _2udc
_cBK
999 _c14879
_d14879